Fundamentals of selling:customer for life through service (Record no. 178091)

MARC details
000 -LEADER
fixed length control field 00400nam a22001577a 4500
003 - CONTROL NUMBER IDENTIFIER
control field OSt
020 ## - INTERNATIONAL STANDARD BOOK NUMBER
International Standard Book Number 9780071117911
082 ## - DEWEY DECIMAL CLASSIFICATION NUMBER
Classification number 658.81
Item number FUT/FU
100 ## - MAIN ENTRY--PERSONAL NAME
Personal name Futrell, Charles M
245 ## - TITLE STATEMENT
Title Fundamentals of selling:customer for life through service
250 ## - EDITION STATEMENT
Edition statement 9
260 ## - PUBLICATION, DISTRIBUTION, ETC. (IMPRINT)
Place of publication, distribution, etc. Newyork
Name of publisher, distributor, etc. Mcgraw hill education
Date of publication, distribution, etc. 2006
300 ## - PHYSICAL DESCRIPTION
Extent 658p.
650 ## - SUBJECT ADDED ENTRY--TOPICAL TERM
Topical term or geographic name as entry element Relationship marketing
942 ## - ADDED ENTRY ELEMENTS (KOHA)
Source of classification or shelving scheme Dewey Decimal Classification
Koha item type Reference Book
Holdings
Withdrawn status Lost status Source of classification or shelving scheme Damaged status Not for loan Collection code Home library Current library Shelving location Date acquired Cost, normal purchase price Total Checkouts Full call number Barcode Date last seen Price effective from Koha item type
    Dewey Decimal Classification     Reference Book College of Co-operation, Banking & Management Library, Vellanikkara College of Co-operation, Banking & Management Library, Vellanikkara Reference 22/11/2017 1658.00   658.81 FUT/FU KAU_CCBM-14475 22/11/2017 22/11/2017 Reference Book
Kerala Agricultural University Central Library
Thrissur-(Dt.), Kerala Pin:- 680656, India
Ph : (+91)(487) 2372219
E-mail: librarian@kau.in
Website: http://library.kau.in/